000 01155nam a22002297a 4500
005 20240724233206.0
008 s2539 th tha d
041 _atha
050 _aZ8468.37
_bน581บ 2539
100 0 _aนิติ กสิโกศล
245 1 0 _aบรรณนิทัศน์งานเขียนของ ม.ร.ว.คึกฤทธิ์ ปราโมช
260 3 _aกรุงเทพฯ :
_bมหาวิทยาลัยธรรมศาสตร์,
_c2539
300 _a258 หน้า ;
_b29 ซม.
650 0 4 _aคึกฤทธิ์ ปราโมช, ม.ร.ว. -- บทคัดย่อ -- วิจัย
650 0 4 _aคึกฤทธิ์ ปราโมช, ม.ร.ว. -- บรรณนิทัศน์ -- วิจัย
650 0 4 _aคึกฤทธิ์ ปราโมช, ม.ร.ว. -- บรรณานุกรม -- วิจัย
650 0 4 _aคึกฤทธิ์ ปราโมช, ม.ร.ว. -- ผลงาน -- วิจัย
850 _aNALT
942 _cRSH
997 _c000000000026424
998 _aNarumon Suwan
999 _c26424
_d26424